000 01334cam a22003737a 4500
003 CHAP
005 20220329141020.0
008 971013s1996 r 00010 d
010 _a61329
011 _a62301
035 _a66475
040 _cCHAP
090 _aTesis
100 0 0 _aGonzález Rangel, Anacleto.
_949323
245 1 3 _aEl proceso de transferencia del módulo 01 "Suchiate" del distrito de riego 046 "Cacahoatán - Suchiate" Chiapas
260 _aChapingo, Méx. :
_bEl autor,
_c1996
300 _a119 h.
502 _aTesis (Ing. Agr. Esp. en Suelos) -- UACH. Departamento de Suelos
590 _aALEPH
_b10
_c20130110
_lUCH01
_h1341
590 _aBATCH-UPD
_b10
_c20130110
_lUCH01
_h0119
590 _aBATCH-UPD
_b10
_c20130110
_lUCH01
_h0625
590 _aBATCH-UPD
_b10
_c20130409
_lUCH01
_h2112
590 _aBATCH-UPD
_b10
_c20130913
_lUCH01
_h2235
590 _aCONVERSION
_b10
_c20130109
_lUCH01
_h1333
650 1 4 _aAgua
_xAbastecimiento
_xChiapas.
_92232
650 1 4 _aAgua
_xAprovechamiento
_xChiapas.
_92287
650 1 4 _aDistrito de Riego Cacahoatán-Suchiate, Chis.
_932851
650 1 4 _aIrrigación
_xChiapas.
_960385
650 1 4 _aRío Suchiate.
_999149
901 _aBK
942 _cFOLL
949 _bBC
_cTES
_d-151684
_eTS1
_h29742
_i66475
_si
949 _bBC
_cTES
_d33724000622288
_eTS2
_fc.2
_h29743
_i66475
_si
999 _c61329
_d61329